000 00581nam a2200217 a 4500
001 0001-2479
003 ELIB.Books
008 191107 2010 eng
020 _a8820976285
092 _a261
_bPCJP
100 _aPCJP
245 _aJustice and Peace: an ever Present Challenge
260 _aVatican City
_bLibreia Editrice Vaticana
_c2004
300 _a151
_c20.7 cm
650 _aChristianity and Justice
856 _nKBTS Library
_uKBTS Elib
942 _2ddc
_cBK
990 _a1
998 _aEnglishbooks.elf
_ccat
_e2019-11-07
999 _c12479
_d12479